00634nam a2200109Ia 4500008004100000245003400041300027700075650001600352856006500368999001900433952007200452170517s9999 xx 000 0 und d aDon't Swallow Your Toothpaste aWe all want the best for our children, including sparking white teeth. Children today have fewer fillings than ever before, but what is the truth behind this great success story? Better care of our teeth or the magic ingredient in our toothpaste fluoride? Some parts of... xTechnology. uhttp://topdocumentaryfilms.com/dont-swallow-your-toothpaste/ c335028d335028 001040aCLbCLd2017-05-17l0r2017-05-17 00:00:00w2017-05-17yDF